Top 10 Most Populous U.S. Cities Starting With N - Statistics

General Stats
  • This quiz has been taken 43 times
  • The average score is 8 of 10
Answer Stats
State Answer Population % Correct
New York New York City 8.08 m
100%
Tennessee Nashville 694 k
97%
Louisiana New Orleans 355 k
92%
New Jersey Newark 301 k
84%
Virginia Norfolk 228 k
76%
Nevada North Las Vegas 299 k
74%
Connecticut New Haven 139 k
66%
Illinois Naperville 150 k
55%
Virginia Newport News 183 k
55%
Oklahoma Norman 130 k
55%
No matching quizzes found
Score Distribution
Percent of People with Each Score
Percentile by Number Answered
Your Score History
You have not taken this quiz